000
00333nam a2200145Ia 4500
008
230718s9999 xx 000 0 und d
041
_a
Eng.
082
_a
510
_b
SHA-C
100
_a
Shahzad Kashif
245
0
_a
Computer Application
260
_a
Pakistan
_b
usdn besoc lunes
_c
2008
300
_a
968
650
_a
Law
999
_c
26256
_d
26256